000 00828nam a2200241Ia 4500
003 GCL
008 140319s9999 xx 000 0 ara d
020 _a9863270977
040 _aGCL /
_cGCL
082 0 4 _a370.7
_bا ا
100 1 _aمحمد نبيل نوفل
245 1 0 _aاعداد التلاميذ للقرن الحادى والعشرين /
_cمحمد نبيل نوفل
700 1 _aاوتشيدا، دونا
700 1 _aسيترون، مارفين
700 1 _aماكينزى , فلوريتا
260 _aالقاهرة :
_bالدار المصرية اللبنانية ،
_c2004
300 _a148ص ؛
_c25 سم
650 0 4 _aالتعليم - طرق تدريس
650 0 4 _aالطلبة - نشاط
650 0 4 _aالتعليم - تطوير
650 0 4 _aالطلبة - سلوك
942 _2ddc
_cBK
999 _c57570
_d57570